000 00477nam a2200181Ia 4500
005 20240823055413.0
008 240823s9999||||xx |||||||||||||| ||und||
041 _aENGLISH
082 _A005.1 Q5
100 _a"Pressman,Roger S"
245 0 _aSoftware Engineering : A Practitioner's Approach
250 _a7th
260 _c2015
_bMcGraw Hill Education Private Li
500 _aYES
650 _aSoftware Engineering
_bComputer Science
942 _cBK
999 _c228704
_d228704